El museo social argentino y el problema de la vivienda (Registro nro. 31408)

Detalles MARC
000 -LEADER
fixed length control field 00344 a2200109 4500
001 - CONTROL NUMBER
control field ART_30537
005 - DATE AND TIME OF LATEST TRANSACTION
control field 20260410162002.0
008 - FIXED-LENGTH DATA ELEMENTS--GENERAL INFORMATION
fixed length control field 260409a
100 1# - MAIN ENTRY--PERSONAL NAME
Personal name Fernández López, Manuel
245 10 - TITLE STATEMENT
Title El museo social argentino y el problema de la vivienda
773 0# - HOST ITEM ENTRY
Title Foro económico
Related parts - Año II, Nº 3 (nov. 1996)
Record control number REV30369

No hay ítems disponibles.